• 首页
  • 本馆介绍
  • 公告通知
  • 最新文献
  • 馆藏检索
  • 电子资源
  • 读者导购
  • 参考咨询
  • 我的图书馆
  • 登录
  • 详细信息显示
  • 放入我的书架
  • 预约/预借图书
  • 作者相关作品
  • 分类相关作品
  • 丛书相关作品
  • 出版社相关作品

书目信息

  • 表格格式
  • 工作单格式
  • 卡片格式
题名:
秦汉教育论著选
    
 
作者: 熊承涤 编
分册:  
出版信息: 北京   人民教育出版社  1986
页数: 476页
开本: 19cm
丛书名: 中国古代教育论著丛书
单 册:
中图分类: G40-092.32 , G40
科图分类:
主题词: 教育思想--中国--秦汉时代--文集 , 教育史--中国--秦汉时代--文集
电子资源:
ISBN: 7-107-10115-3
000 00788nam2 2200277 45
001 0186019211
005 20040429085625.2
010    @a7-107-10115-3@dCNY3.90
100    @a19931006d1986 kemy0chiy0121 ea
101 0  @achi
102    @aCN@b110000
105    @ay z 000yy
106    @ar
200 10 @a秦汉教育论著选@Aqin han jiao yu lun zhu xuan@f熊承涤编
210    @a北京@c人民教育出版社@d1986
215    @a476页@d19cm
225 2  @a中国古代教育论著丛书
410  0 @120010@a中国古代教育论著丛书
606    @a教育思想@y中国@z秦汉时代@x文集
606    @a教育史@y中国@z秦汉时代@x文集
690    @aG40-092.32@v3
690    @aG40
701  0 @a熊承涤@Axiong cheng di@4编
801  0 @aCN@b深圳图书馆@c20040429
801  2 @aCN@bNLC@c20040429
905    @f2@b210086-087@dG40@e115
    
    秦汉教育论著选/熊承涤编.-北京:人民教育出版社,1986
    476页;19cm.-(中国古代教育论著丛书)
    
    
    ISBN 7-107-10115-3:CNY3.90
    
●
相关链接 在E读中查询图书 在五车中查询图书 在当当中查询图书 在豆瓣中查询图书


正题名:秦汉教育论著选     索取号:G40/115         预约/预借

序号 登录号 条形码 馆藏地/架位号 状态 备注
1 0210086   000266624   密集书库/ [索取号:G40/115] 在馆    
2 0210087   000266615   第四借阅区/ [索取号:G40/115] 在馆    
3 0210088   000266633   第一样本阅览室/ [索取号:G40/115] 在馆    
唐山师范学院图书馆 欢迎您!
大连网信软件有限公司© 版权所有